000 00475nam a22001817a 4500
005 20260210161628.0
008 260210b |||||||| |||| 00| 0 eng d
020 _a9788120346772
_c295.00
040 _aMAIN
041 _aEnglish
082 _a571.538
_bPUR
100 _aPurohit, Sunil D
_926273
245 _aIntroduction to Plant cell tissue And Organ Culture
260 _aNew Delhi
_bPHI
_c2013
300 _a316
650 _aBiological Science
_914046
942 _cBK
999 _c60320
_d60320